Catalog

Record Details

Catalog Search



Cell phone safety  Cover Image Book Book

Cell phone safety / by Kathy Allen.

Allen, Kathy. (Author).

Summary:

"Describes safe cell phone usage and ways to avoid dangerous situations, such as identity theft, cyberbullying, or predators"--Provided by publisher.

Record details

  • ISBN: 9781429699457
  • ISBN: 1429699450
  • ISBN: 9781620657966
  • ISBN: 1620657961
  • Physical Description: 32 pages : color illustrations ; 24 cm.
  • Publisher: Mankato, Minn. : Capstone Press, ©2013.

Content descriptions

Bibliography, etc. Note:
Includes bibliographical references and index.
Formatted Contents Note:
Your wired life -- All the info -- Cyberbullying -- Owning your safety.
Subject: Technology and children > Juvenile literature.
Cell phones > Security measures > Juvenile literature.
Genre: Children's nonfiction.

Available copies

  • 1 of 1 copy available at scottsboropl.

Holds

  • 0 current holds with 1 total copy.
Show Only Available Copies
Location Call Number / Copy Notes Barcode Shelving Location Status Due Date
scottsboropl J 395.5 All 32269001012023 Juvenile - NonFiction Available -

LDR 01585nam a2200397 a 4500
001143287
003CONS
00520170425103647.0
008120702s2013 mnua j b 001 0 eng
010 . ‡a 2012020252
020 . ‡a9781429699457 ‡q(library binding)
020 . ‡a1429699450 ‡q(library binding)
020 . ‡a9781620657966 ‡q(pbk.)
020 . ‡a1620657961 ‡q(pbk.)
035 . ‡a(CPomAG)LMN599456
042 . ‡apcc
05000. ‡aHQ784.T37 ‡bA45 2013
08200. ‡a395.5/9 ‡223
1001 . ‡aAllen, Kathy.
24510. ‡aCell phone safety / ‡cby Kathy Allen.
260 . ‡aMankato, Minn. : ‡bCapstone Press, ‡c©2013.
300 . ‡a32 pages : ‡bcolor illustrations ; ‡c24 cm.
336 . ‡atext ‡btxt ‡2rdacontent
337 . ‡aunmediated ‡bn ‡2rdamedia
338 . ‡avolume ‡bnc ‡2rdacarrier
4901 . ‡aFact finders. Tech safety smarts
504 . ‡aIncludes bibliographical references and index.
5050 . ‡aYour wired life -- All the info -- Cyberbullying -- Owning your safety.
520 . ‡a"Describes safe cell phone usage and ways to avoid dangerous situations, such as identity theft, cyberbullying, or predators"--Provided by publisher.
650 0. ‡aTechnology and children ‡vJuvenile literature.
650 0. ‡aCell phones ‡xSecurity measures ‡vJuvenile literature.
655 4. ‡aChildren's nonfiction. ‡5NZ-WeK
830 0. ‡aFact finders. ‡pTech safety smarts.
914 . ‡aSCP_jd
959 . ‡i32269001012023 ‡lJ395.5 All ‡aJuvenile - NonFiction ‡tJuv Nonfiction ‡g20.00
852 . ‡p32269001012023 ‡jJ395.5 All ‡gJuvenile - NonFiction ‡cJuv Nonfiction ‡y20.00 ‡bSBPL
901 . ‡a143287 ‡bUnknown ‡c143287 ‡tbiblio

Additional Resources